000 00932nam a22003017a 4500
001 6895
003 FISKH
005 20250605091621.0
008 250605b cb ||||| |||| 00| 0 eng d
020 _a9780545565394
040 _aFISKH
_beng
_cFISKH
_dFISKH
050 _aBF299.S5 B47
082 _a153.752
100 _aBerger, Samantha
245 _aBig and little /
_cSamantha Berger ; Pamela Chanko
250 _aThis edition first published in 2013
260 _aNew York :
_bScholastic,
_c2013
300 _a8 unnumbered pages :
_bcolor illustrations ;
_c18 x 22 cm
505 _aA
520 _aLabeled photographs compare different large and small dogs, houses, hands, sand castles, and more.
521 8 _a120
_bLexile
521 8 _aA
_bRaz-Plus
650 _2Concepts
_aMath
650 _2Big and little
_aBoard book
700 _aChanko, Pamela
_dillustrator
942 _2ddc
_cBK
_n0
999 _c6895
_d6895